000 01480nam a2200361 a 4500
001 ebr10480962
003 CaPaEBR
006 m u
007 cr cn|||||||||
008 090501s2009 cau s 001 0deng d
010 _z 2009018151
020 _z9780981709154 (alk. paper)
020 _z098170915X (alk. paper)
020 _z9781609944735 (e-book)
040 _aCaPaEBR
_cCaPaEBR
035 _a(OCoLC)740447234
043 _an-us---
050 1 4 _aLB3060.77
_b.F37 2009eb
082 0 4 _a371.26/2
_222
100 1 _aFarley, Todd.
245 1 0 _aMaking the grades
_h[electronic resource] :
_bmy misadventures in the standardized testing industry /
_cTodd S. Farley.
260 _aSausalito, Calif. :
_bPoliPointPress ;
_a[LaVergne, Tenn.] :
_bDistributed by Ingram Publisher Services,
_c2009.
300 _axi, 253 p.
500 _aIncludes index.
505 0 _apt. 1. Wage slave -- pt. 2. Management -- pt. 3. Retirement.
533 _aElectronic reproduction.
_bPalo Alto, Calif. :
_cebrary,
_d2013.
_nAvailable via World Wide Web.
_nAccess may be limited to ebrary affiliated libraries.
600 1 0 _aFarley, Todd
_xCareer in test scoring.
650 0 _aExaminations
_zUnited States
_xScoring.
650 0 _aBusiness and education
_zUnited States.
655 7 _aElectronic books.
_2local
710 2 _aebrary, Inc.
856 4 0 _uhttp://site.ebrary.com/lib/rucke/Doc?id=10480962
_zAn electronic book accessible through the World Wide Web; click to view
999 _c221804
_d221804